Diccionario visual de arquitectura (Registro nro. 21814)

Detalles MARC
000 -Cabecera
Campo de control interno 00783nam a2200241Ia 4500
005 - Fecha y hora del registro
control field 20260408082440.0
008 - Elementos de Longitud Fija
fixed length control field 260320s9999||||xx |||||||||||||| ||und||
020 ## - ISBN
ISBN 9788425227868
041 ## - Idioma
Codigo Idioma ESP
082 ## - DEWEY y NOTACIÓN INTERNA
Dewey HR 720.3
Notación Interna CH554
100 ## - AUTOR
Autor denominación Ching, Francis D. K.,
Término de relación autor
245 #0 - TÍTULO DE MATERIAL BIBLIOGRÁFICO
Título Diccionario visual de arquitectura
250 ## - EDICIÓN
Edición Segunda edición, tercera tirada
260 ## - CIUDAD, EDITORIAL, AÑO
Ciudad Barcelona :
Nombre de la Editorial GG,
Año 2025
300 ## - DESCRIPCIÓN
N° Páginas 380 páginas :
Otros detalles ilustraciones ;
Dimensiones 30 cm.
505 ## - TABLA DE CONTENIDO
Tabla de Contenido En la portada. Segunda edición ampliada
650 ## - TEMAS
Temas Las Artes
653 ## - DESCRIPTORES
Lenguajes no controlado Arquitectura - Diccionario
654 ## - PROGRAMAS
Programa Dpto. Arquitectura y Urbanismo
856 ## - URL - UBICACIÓN
URI/URL: Enlace exacto del recurso <a href="https://www-architectureopenlibrary-com.ucsp.lookproxy.com/">https://www-architectureopenlibrary-com.ucsp.lookproxy.com/</a>
Nota pública: Versión digital <a href="Véase además: Base de datos Architecture Open Library">Véase además: Base de datos Architecture Open Library</a>
942 ## - ELEMENTOS DE KOHA
Tipo de documento Diccionario
Nombre del creador Justo Noguera
Código de catalogador Margarita Torres
Esquema de clasificación Dewey Decimal Classification
Existencias
Codigo completo Registro Colección Copia número Disponibilidad Tipo de préstamo Biblioteca Actual Procedencia (Biblioteca) Ubicacón Fecha Ingreso Tipo de Adquisición Date last seen Total checkouts Price effective from Tipo de Item Estado del Material Fuente de Clasificación Damaged status Withdrawn status
HR 720.3 CH554 1085513 Universidad Católica San Pablo 1 Disponible Disponible Víctor Andrés Belaunde Víctor Andrés Belaunde Segundo piso 08/04/2026 Compra 08/04/2026   08/04/2026 Diccionario Bueno Dewey Decimal Classification